[Event "69th ch-BLR"]
[Site "Minsk BLR"]
[Date "2003.03.03"]
[Round "4"]
[White "Kovalev,A"]
[Black "Zhigalko,A"]
[Result "1/2-1/2"]
[WhiteElo "2539"]
[BlackElo "2450"]

1.e4 c5 2.Nf3 d6 3.Bb5+ Bd7 4.Bxd7+ Nxd7 5.O-O Ngf6 6.Qe2 e6 7.c3 Be7 8.d4 O-O
9.Rd1 Rc8 10.e5 Ne8 11.Bf4 Nb6 12.dxc5 Rxc5 13.Nbd2 dxe5 14.Bxe5 Nf6 15.c4 Qc8
16.b4 Rxc4 17.Nxc4 Qxc4 18.Qxc4 Nxc4 19.Bxf6 Bxf6 20.Rac1 Nb6 21.Rc7 Rb8
22.Rdc1 Kf8 23.Kf1 Ke8 24.h4 Bd8 25.R7c2 Be7 26.a3 Bd6 27.g3 Ra8 28.Nd4 a6
29.Nb3 Rb8 30.Nc5 Be7 31.Ne4 Kd8 32.Ng5 Ke8 33.Rc7 h6 34.Ne4 Kd8 35.R7c2 Nd5
36.Nc3 Nb6 37.Ne4 Nd5 38.Rd1 Ke8 39.Nc5 Bxc5 40.Rxc5 h5 41.Ke2 Ke7 42.Rdc1 Kd7
43.Kf3 Ra8 44.Ke4 Rb8 45.Ke5 Re8 46.f3 Rh8 47.Rd1 Rf8 48.Ke4 Rh8 49.Rd2 Kd6
50.Rdc2 Kd7 51.Rb2 Kd6 52.Rd2 Kd7 53.b5 b6 54.Rcxd5+ exd5+ 55.Rxd5+ Ke7 56.Re5+ Kf6
57.bxa6 Ra8 58.Rxh5 Rxa6 59.Rb5 Ra4+ 60.Rb4 Rxa3 61.Rxb6+ Ke7 62.h5 Ra5 63.g4 f5+
64.gxf5 Ra1 65.Rb7+ Kf6 66.Rb6+ Kf7 67.h6 gxh6 68.Rxh6 Re1+ 69.Kf4 Ra1 70.Rb6 Ra2
71.Rb4 Kf6  1/2-1/2

[Event "X Anibal Open"]
[Site "Linares ESP"]
[Date "2003.03.05"]
[Round "6"]
[White "Labib,I"]
[Black "Nakamura,H"]
[Result "0-1"]
[WhiteElo "2439"]
[BlackElo "2520"]

1.e4 c5 2.Nf3 d6 3.Bb5+ Nd7 4.c3 Nf6 5.Qe2 a6 6.Ba4 g6 7.O-O Bg7 8.d4 b5
9.Bc2 O-O 10.e5 Ne8 11.Bg5 dxe5 12.dxe5 Nc7 13.Qe4 Rb8 14.Qh4 Re8 15.Nbd2 Ne6
16.Rfe1 Nxg5 17.Nxg5 Nf8 18.Ndf3 h6 19.e6 Nxe6 20.Nxe6 Bxe6 21.Bxg6 Bd5 22.Be4 e6
23.Qg3 b4 24.c4 Bxc4 25.Ne5 Bb5 26.Nxf7 Kxf7 27.Qg6+ Kf8 28.Re3 Bd4 29.Rf3+ Ke7
30.Rf7+ Kd6 31.Qxh6 Re7 32.Qf4+ Kd7 33.Rxe7+ Kxe7 34.Re1 Qd6 35.Qh4+ Kd7
36.Qh7+ Qe7 37.Qh5 Rh8 38.Qg4 Qh4 39.Bc6+ Bxc6  0-1

[Event "1st Festival"]
[Site "Nancy FRA"]
[Date "2003.03.05"]
[Round "3"]
[White "Zigura,O"]
[Black "Nezar,M"]
[Result "1-0"]
[WhiteElo "2379"]
[BlackElo "2320"]

1.e4 c5 2.Nf3 d6 3.Bb5+ Bd7 4.Bxd7+ Qxd7 5.c4 Nc6 6.O-O Ne5 7.d3 Nxf3+ 8.Qxf3 g6
9.Nc3 Bg7 10.Rb1 e6 11.Bg5 Ne7 12.Bf6 O-O 13.Ne2 Nc6 14.Bc3 Rab8 15.Rfd1 Bxc3
16.bxc3 a6 17.Qe3 Qc7 18.Nf4 Qa5 19.Rbc1 b5 20.cxb5 Rxb5 21.d4 cxd4 22.cxd4 Ne7
23.h4 d5 24.f3 dxe4 25.fxe4 e5 26.Ne2 Rb2 27.Nc3 exd4 28.Qxd4 Qb6 29.Qxb6 Rxb6
30.Rd7 Re8 31.Rf1 Re6 32.g4 h6 33.Rf3 Re5 34.Rd6 a5 35.a4 Rc8 36.Rd7 Rf8
37.Kf2 f6 38.h5 gxh5 39.gxh5 Kf7 40.Nd5 Ke8 41.Rxe7+ Rxe7 42.Nxe7 Kxe7 43.Rf5 Ra8
44.Kf3 Ke6 45.Kf4 Ra6 46.Rb5 Rc6 47.Rxa5 Rc1 48.Ra6+ Kf7 49.Ra7+ Ke6 50.a5 Rc5
51.a6 Ra5 52.Ra8 Kf7 53.Ke3 Ra4 54.Kd3 Ra1 55.Kc2 Ra5 56.Kb2 Ra4 57.Kc3 Ra1
58.Kd4 Ra5 59.Kc4 Ra1 60.Kd5 Rd1+ 61.Kc6 Ra1 62.Kb6 Rb1+ 63.Ka7 Rb4 64.Rh8 Rxe4
65.Rh7+ Kg8 66.Rc7 f5 67.Kb8 Rb4+ 68.Rb7  1-0

[Event "Spring Festival WGM"]
[Site "Bucharest ROM"]
[Date "2003.03.06"]
[Round "4"]
[White "Sasu Ducsoara,An"]
[Black "Moshina,C"]
[Result "0-1"]
[WhiteElo "2234"]
[BlackElo "2193"]

1.e4 c5 2.Nf3 d6 3.Bb5+ Nd7 4.O-O Nf6 5.Re1 a6 6.Bf1 g6 7.d4 cxd4 8.Nxd4 Bg7
9.c4 O-O 10.Nc3 Qc7 11.b3 b5 12.Nd5 Nxd5 13.cxd5 Nc5 14.Bb2 Bb7 15.Qd2 e5
16.dxe6 Nxe4 17.Qe3 Qe7 18.Rac1 Nc5 19.exf7+ Qxf7 20.f3 Be5 21.Rc2 Rae8 22.Qd2 Qf6
23.Ne2 Bxb2 24.Rxb2 Nd3 25.Qxd3 Qxb2 26.Qxd6 Qe5 27.Qb4 Qe3+ 28.Kh1 Qf2 29.a4 Rxf3
30.axb5 Bd5 31.bxa6 Rxe2 32.Bxe2 Rxb3 33.Bf3 Rxb4 34.Bxd5+ Kg7 35.Rg1 Ra4
36.Bb7 Qd4 37.h3  0-1

[Event "4NCL"]
[Site "Telford ENG"]
[Date "2003.03.08"]
[Round "5"]
[White "Howell,D"]
[Black "Collier,D"]
[Result "1-0"]
[WhiteElo "2257"]
[BlackElo "2273"]

1.e4 c5 2.Nf3 d6 3.Bb5+ Nc6 4.O-O Nf6 5.Re1 e5 6.c3 Bd7 7.d4 Qc7 8.Bg5 Be7
9.dxe5 dxe5 10.Nbd2 a6 11.Bxc6 Bxc6 12.Nc4 Nd7 13.Bxe7 Kxe7 14.Qd2 f6 15.Nh4 Rhd8
16.Qe3 b5 17.Nf5+ Kf8 18.Ncd6 c4 19.Rad1 Qa7 20.Qh3 h6 21.Nxh6 Nc5 22.Nhf7 Nd3
23.Rxd3 cxd3 24.Nxd8 d2 25.Rd1  1-0

[Event "Stroer Trophy"]
[Site "Cannes FRA"]
[Date "2003.03.10"]
[Round "4"]
[White "Djingarova,E"]
[Black "Zhao Xue"]
[Result "0-1"]
[WhiteElo "2267"]
[BlackElo "2428"]

1.e4 c5 2.Nf3 d6 3.Bb5+ Nc6 4.O-O Bd7 5.Re1 a6 6.Bf1 Nf6 7.c3 Bg4 8.d3 e6
9.Nbd2 Be7 10.h3 Bh5 11.g4 Bg6 12.Nh4 Nd7 13.Ng2 h6 14.f4 Bh7 15.Nf3 O-O
16.f5 Nde5 17.Nf4 Kh8 18.Bg2 Nxf3+ 19.Qxf3 Bg5 20.Be3 g6 21.Rad1 gxf5 22.gxf5 exf5
23.Qh5 fxe4 24.dxe4 Ne5 25.h4 Bxh4 26.Rf1 Rc8 27.Qxh6 Ng4 28.Ng6+ fxg6 29.Rxf8+ Qxf8
30.Qxh4 Nxe3 31.Rd3 Nxg2 32.Kxg2 g5 33.Qh5 Qe7  0-1

[Event "Jch-RUS g20"]
[Site "Essentuki RUS"]
[Date "2003.03.10"]
[Round "8"]
[White "Ubiennykh,E"]
[Black "Pogonina,N"]
[Result "1/2-1/2"]
[WhiteElo "2248"]
[BlackElo "2376"]

1.e4 c5 2.Nf3 d6 3.Bb5+ Bd7 4.Bxd7+ Qxd7 5.O-O Nc6 6.c3 Nf6 7.d4 cxd4 8.cxd4 g6
9.Nc3 Bg7 10.e5 dxe5 11.d5 e4 12.dxc6 Qxd1 13.Rxd1 exf3 14.cxb7 Rb8 15.gxf3 Rxb7
16.Rb1 O-O 17.b4 h5 18.Be3 Nd7 19.Na4 Rc8 20.Nc5 Nxc5 21.bxc5 Rbc7 22.Rb5 e6
23.Ra5 Bf8 24.Bf4 e5 25.Bxe5 Rxc5 26.Rxc5 Rxc5 27.f4 Rc8 28.Rd7 Bc5 29.Kg2 a5
30.a4 Kf8 31.Rb7 Bb4 32.Kf3 Rc2 33.Bd4 Rc4 34.Ke3 Bc3 35.Rd7 Bxd4+ 36.Rxd4 Rc3+
37.Rd3  1/2-1/2

[Event "Jch-RUS b20"]
[Site "Essentuki RUS"]
[Date "2003.03.10"]
[Round "8"]
[White "Maletin,P"]
[Black "Kosintseva,T"]
[Result "1-0"]
[WhiteElo "2374"]
[BlackElo "2457"]

1.e4 c5 2.Nf3 d6 3.Bb5+ Nc6 4.O-O Bd7 5.Re1 Nf6 6.c3 a6 7.Bf1 Bg4 8.d3 e5
9.h3 Bxf3 10.Qxf3 Be7 11.Nd2 b5 12.Be2 O-O 13.Nf1 Ne8 14.Bd1 Bg5 15.Ne3 Nc7
16.g3 Kh8 17.h4 Bh6 18.Qh5 Ne7 19.Bc2 Ne6 20.Bb3 Qd7 21.a4 c4 22.dxc4 Nc5
23.Bc2 bxa4 24.Qd1 Qe6 25.Bxa4 f5 26.exf5 Nxf5 27.Bc6 Rac8 28.Bd5 Qg6 29.h5 Nxe3
30.Rxe3 Qe8 31.Rf3 Rxf3 32.Qxf3 Nb3 33.Bxh6 Nxa1 34.Be3 Nb3 35.h6 Qf8 36.Qd1 Nc5
37.b4 Nd7 38.Be6 Rd8 39.hxg7+ Qxg7 40.Qxd6 Qf6 41.Qc7 Nf8 42.Bd5 Rd7 43.Qc8 Rd8
44.Qg4 Nd7 45.Be6 Qg7 46.c5 Nb8 47.c4 Qb7 48.Bd5 Qxb4 49.Qg5  1-0

[Event "19th Spring Fest"]
[Site "Budapest HUN"]
[Date "2003.03.14"]
[Round "1"]
[White "Zoltan,A"]
[Black "Telbis,G"]
[Result "1/2-1/2"]
[WhiteElo "2025"]
[BlackElo "2216"]

1.e4 c5 2.Nf3 d6 3.Bb5+ Bd7 4.Bxd7+ Qxd7 5.O-O Nc6 6.c3 Nf6 7.Re1 g6 8.d4 cxd4
9.cxd4 Bg7 10.Nc3 O-O 11.h3 Rac8 12.Be3 a6 13.e5 Ne8 14.exd6 Nxd6 15.Ne5 Nxe5
16.dxe5 Bxe5 17.Nd5 Rce8 18.Bh6 Bg7 19.Bxg7 Kxg7 20.Qd4+ f6 21.Rad1 e5 22.Qb4 Qc6
23.Rc1 Qxd5 24.Red1 Qxa2 25.Qxd6 Qg8 26.Rc7+ Rf7 27.Rdc1 Qf8 28.Rxf7+ Kxf7
29.Qd5+ Kg7 30.Qxb7+ Re7 31.Qxa6 Qb8 32.Qa3 Rb7 33.Rc6 e4 34.Qc3 Qf4 35.g3 Qf5
36.Rc7+ Rxc7 37.Qxc7+ Kh6 38.Qf4+ Qxf4 39.gxf4 Kg7 40.f3 exf3 41.Kf2 Kf7
42.Kxf3 Ke6 43.Ke4 g5 44.fxg5 fxg5 45.b4 h5 46.b5 g4 47.hxg4 hxg4 48.b6 Kd6  1/2-1/2

[Event "Stroer Trophy"]
[Site "Cannes FRA"]
[Date "2003.03.14"]
[Round "8"]
[White "Djingarova,E"]
[Black "Calzetta,M"]
[Result "0-1"]
[WhiteElo "2267"]
[BlackElo "2286"]

1.e4 c5 2.Nf3 d6 3.Bb5+ Bd7 4.Bxd7+ Qxd7 5.c4 g6 6.d4 cxd4 7.Nxd4 Bg7 8.Nc3 Nc6
9.Nde2 Nf6 10.f3 O-O 11.O-O a6 12.a4 e6 13.Kh1 Qc7 14.Bg5 Qa5 15.Bd2 Qb6
16.b3 Rfd8 17.Bg5 Rd7 18.Rb1 Nb4 19.Qd2 d5 20.cxd5 exd5 21.e5 Ne8 22.Be3 d4
23.Bxd4 Bxe5 24.Bxb6 Rxd2 25.Rfd1 Rc2 26.Rdc1 Rxc1+ 27.Rxc1 Nf6 28.g3 Nd7
29.Be3 Rc8 30.f4 Bg7 31.Kg2 Nd3 32.Rd1 N7c5 33.Nd5 Re8 34.Rb1 f5 35.Kf3 Kf7
36.a5 Rd8 37.Nb6 Ne4 38.b4 Bf8 39.b5 axb5 40.g4 Bb4 41.gxf5 gxf5 42.Kg2 Ne1+
43.Kh1 Nc2 44.Bg1 Rd2 45.Nd4 Nxd4 46.Rxb4 Nf3 47.Rb3 Nxg1 48.Kxg1 Nd6 49.Rh3 Kg7
50.Rg3+ Kf6 51.Nd7+ Ke6 52.Nf8+ Kd5 53.Nxh7 b4 54.Nf6+ Kc4 55.Nd7 b3 56.Ne5+ Kb4
57.Nd3+ Kxa5 58.h4 Ne4 59.Rh3 b2 60.Nxb2 Rxb2 61.h5 Rd2 62.h6 Rd8 63.Rh5 Nd6
64.Kg2 b5 65.Kg3 b4 66.Kh4 b3 67.Kg5 b2 68.Rh1 Ka4 69.h7 Nf7+ 70.Kxf5 Nh8
71.Ke6 Rf8 72.f5 Ka3 73.Rg1 Rf7 74.f6 Rxh7 75.Rg7 Rh1 76.Ra7+ Kb3 77.Rb7+ Kc2
78.Rc7+ Kd2  0-1

[Event "TCh-AUT 2002-3"]
[Site "Fuerstenfeld AUT"]
[Date "2003.03.15"]
[Round "10"]
[White "Lehner,O"]
[Black "Bromberger,S"]
[Result "0-1"]
[WhiteElo "2406"]
[BlackElo "2417"]

1.e4 c5 2.Nf3 d6 3.Bb5+ Nd7 4.d4 cxd4 5.Qxd4 Nf6 6.Nc3 a6 7.Bxd7+ Nxd7 8.Bg5 h6
9.Bh4 Rg8 10.O-O g5 11.Bg3 Bg7 12.Qd2 Qa5 13.Rad1 Bxc3 14.bxc3 f6 15.Bxd6 exd6
16.Qxd6 Kf7 17.e5 Nxe5 18.Rfe1 Re8 19.Re3 Nxf3+ 20.gxf3 Rxe3 21.fxe3 Be6
22.Rb1 b5 23.Qd3 Kg7 24.Rb4 Rd8 25.Qe4 Qxa2  0-1

[Event "TCh-CZE 2002-3"]
[Site "Czech Rep CZE"]
[Date "2003.03.16"]
[Round "9"]
[White "Oral,T"]
[Black "Kovalev,A"]
[Result "1-0"]
[WhiteElo "2550"]
[BlackElo "2539"]

1.e4 c5 2.Nf3 d6 3.Bb5+ Bd7 4.Bxd7+ Qxd7 5.c4 Nc6 6.d4 cxd4 7.Nxd4 Nf6 8.Nc3 g6
9.Nde2 Bg7 10.f3 O-O 11.O-O a6 12.a4 e6 13.Bg5 Qc7 14.Kh1 h6 15.Bh4 Rfd8
16.Rb1 Nb4 17.Rc1 Rac8 18.Qd2 Qd7 19.b3 g5 20.Bf2 d5 21.cxd5 exd5 22.e5 Nh7
23.f4 gxf4 24.Bd4 Ng5 25.Nxf4 Ne4 26.Nxe4 Rxc1 27.Nf6+ Bxf6 28.Qxc1 Bg5 29.e6 fxe6
30.Nh5 Bxc1 31.Nf6+ Kf7 32.Nxd7+ Ke7 33.Nb6 Nd3 34.Bf6+ Ke8 35.Bxd8 Kxd8
36.Rf7 Ke8 37.Rxb7 Nc5 38.Ra7 Nxb3 39.Rxa6 d4 40.Nc4 Ke7 41.Rb6 Nc5 42.a5 d3
43.a6 d2 44.Nxd2 Bxd2  1-0

[Event "19th Spring Fest"]
[Site "Budapest HUN"]
[Date "2003.03.19"]
[Round "6"]
[White "Zoltan,A"]
[Black "Kelly,L"]
[Result "1/2-1/2"]
[WhiteElo "2025"]
[BlackElo "2174"]

1.e4 c5 2.Nf3 d6 3.Bb5+ Bd7 4.Bxd7+ Qxd7 5.O-O Nc6 6.d4 cxd4 7.Nxd4 Nf6 8.Re1 g6
9.c3 Bg7 10.Nd2 O-O 11.b3 Ne5 12.N2f3 Rac8 13.Bb2 Rfd8 14.h3 Nxf3+ 15.Qxf3 d5
16.exd5 Nxd5 17.Rad1 e5 18.c4 exd4 19.Bxd4 f6 20.Qxd5+ Qxd5 21.cxd5 b6 22.Bb2 Rc2
23.Ba3 Bf8 24.Bxf8 Kxf8 25.a4 Rd7 26.Re4 Rc5 27.Rc4 Ke7 28.Re4+ Kd8 29.d6 Rf7
30.b4 Rc2 31.Rde1 a5 32.bxa5 bxa5 33.Rb1 f5 34.Re5 Kd7 35.Rxa5 Kxd6 36.Rb6+ Rc6
37.Rbb5 Rfc7 38.Rd5+ Ke6 39.Re5+ Kf6 40.f4 Rc2 41.Ra6+ Kg7 42.Rae6 R7c4 43.a5 Rxf4
44.Re2 Rc1+ 45.Re1  1/2-1/2

[Event "6th United Insurance"]
[Site "Dhaka BAN"]
[Date "2003.03.20"]
[Round "13"]
[White "Dzhumaev,M"]
[Black "Tiviakov,S"]
[Result "1/2-1/2"]
[WhiteElo "2507"]
[BlackElo "2635"]

1.e4 c5 2.Nf3 d6 3.Bb5+ Nc6 4.O-O Bd7 5.Re1 a6 6.Bxc6 Bxc6 7.c3 e6 8.d4 cxd4
9.cxd4 d5 10.Ne5 dxe4 11.Nxc6 bxc6 12.Nc3 Nf6 13.Qa4 Qb6  1/2-1/2

[Event "ch-VIE"]
[Site "Dong Thap VIE"]
[Date "2003.03.21"]
[Round "2"]
[White "To Quoc Khanh"]
[Black "Dao Thien Hai"]
[Result "0-1"]
[WhiteElo "2299"]
[BlackElo "2560"]

1.e4 c5 2.Nf3 d6 3.Bb5+ Nd7 4.c4 e5 5.Nc3 Ne7 6.d3 a6 7.Ba4 Nc6 8.O-O g6
9.a3 Bg7 10.Rb1 Nb6 11.Bc2 a5 12.Bd2 O-O 13.Nd5 Bg4 14.h3 Bxf3 15.Qxf3 Nxd5
16.cxd5 Nd4 17.Qd1 f5 18.Bc3 b5 19.a4 Nxc2 20.Qxc2 b4 21.Bd2 Qd7 22.f4 Rf7
23.b3 exf4 24.Rxf4 Raf8 25.Be3 Be5 26.Rff1 f4 27.Bc1 f3 28.Bh6 f2+ 29.Kh1 Rf3  0-1

[Event "IV Dos Hermanas Internet Final"]
[Site "ICC INT"]
[Date "2003.03.21"]
[Round "1.3"]
[White "Cabrera,A"]
[Black "Shipov,S"]
[Result "0-1"]
[WhiteElo "2478"]
[BlackElo "2604"]

1.e4 c5 2.Nf3 d6 3.Bb5+ Bd7 4.c4 Nf6 5.Nc3 g6 6.O-O Bg7 7.d4 cxd4 8.Qxd4 O-O
9.Bg5 a6 10.Bxd7 Nbxd7 11.Qe3 Rc8 12.Qe2 Re8 13.Rac1 Qa5 14.b3 b5 15.Nd5 bxc4
16.bxc4 Qa3 17.Rb1 Qa4 18.Bxf6 Bxf6 19.Rb7 Nc5 20.Ra7 Qc6 21.e5 dxe5 22.Nxe5 Qe6
23.Re1 Bxe5 24.Qxe5 Qxe5 25.Rxe5 Ne6 26.Nxe7+ Rxe7 27.Rxe7 Rxc4 28.h3 Ra4
29.Re2 g5 30.g3 h5 31.Kg2 Kf8 32.Rd7 g4 33.hxg4 hxg4 34.Rd5 Ra3 35.Rb2 Kg7
36.Rd7 Kg6 37.Rbb7 Ng5 38.Rb6+ f6 39.Rdd6 Ne4 40.Rxa6 Rf3 41.Rd3 Rxf2+ 42.Kg1 Rc2
43.a4 Nc5 44.Rdd6 Nxa6 45.Rxa6 Ra2 46.a5 Kf5 47.Kf1 Ke5 48.Ke1 Kf5 49.Ra8 Ke4
50.Rf8 Rxa5 51.Rxf6 Ra1+ 52.Kf2 Ra2+ 53.Kg1 Ke3 54.Rf4 Ra1+ 55.Kg2 Ra2+ 56.Kg1 Ra1+
57.Rf1 Rxf1+ 58.Kxf1 Kf3 59.Kg1 Kxg3 60.Kf1 Kh2  0-1

[Event "TCh-AUT B"]
[Site "Mitte AUT"]
[Date "2003.03.23"]
[Round "11"]
[White "Dohr,A"]
[Black "Sandhoefner,F"]
[Result "1/2-1/2"]
[WhiteElo "2161"]
[BlackElo "2259"]

1.e4 c5 2.Nf3 d6 3.Bb5+ Bd7 4.Bxd7+ Qxd7 5.O-O Nc6 6.b3 Nf6 7.Re1 g6 8.Bb2 Bg7
9.e5 dxe5 10.Nxe5 Nxe5 11.Bxe5 O-O 12.d3 Nd5 13.Bxg7 Kxg7 14.Nd2 Nb4 15.Ne4 b6
16.Qd2 Rad8 17.Re3 Kg8 18.Rae1 Nc6 19.Rh3 Qd4 20.Ng5 h5 21.Rg3 Rd6 22.h4 Rfd8
23.Nf3 Qf6 24.Re4 Qa1+ 25.Kh2 Qxa2 26.Qh6 Qb2 27.c3 Qxb3 28.Ng5 e5 29.c4 R8d7
30.Qh7+ Kf8 31.d4 Qxc4 32.dxe5 Rd4 33.Qh8+ Ke7 34.Qf6+ Kf8 35.Qxc6 Rxe4 36.Nxe4 Qd5
37.Qxd5 Rxd5 38.f4 Rd4 39.Re3 a5 40.Kg3 a4 41.Kf3 Rb4 42.Ra3 Ke7 43.Nc3 b5
44.Ke3 Ke6 45.g3 Kf5 46.Kf3 c4 47.Ne2 Ke6 48.Ke4 f5+ 49.exf6 Kxf6 50.Nd4 Rb2
51.Kd5 Rd2 52.Kc5 Rd3 53.Nxb5 Rxa3 54.Nxa3 Kf5 55.Nxc4  1/2-1/2

[Event "TSIM March"]
[Site "Subotica YUG"]
[Date "2003.03.26"]
[Round "4"]
[White "Buljovcic,I"]
[Black "Popovic,Du"]
[Result "0-1"]
[WhiteElo "2320"]
[BlackElo "2435"]

1.e4 c5 2.Nf3 d6 3.Bb5+ Bd7 4.Bxd7+ Qxd7 5.c4 Nc6 6.Nc3 g6 7.d4 cxd4 8.Nxd4 Bg7
9.Be3 Nf6 10.f3 O-O 11.O-O a6 12.a4 e6 13.Nde2 Qc7 14.b3 Rfd8 15.Qd2 Qa5
16.Rab1 d5 17.cxd5 exd5 18.b4 Qc7 19.exd5 Ne7 20.Rbc1 Qd7 21.Bb6 Re8 22.d6 Nf5
23.Rcd1 Bh6 24.f4 Rac8 25.Rf3 Nh4 26.Rg3 Rc6 27.a5 Rc4 28.Re3 Rec8 29.Bc5 Nf5
30.Re5 Nh4 31.Re3 Nf5  0-1

[Event "Friendship Cup AZE-IRI"]
[Site "Baku AZE"]
[Date "2003.03.29"]
[Round "1"]
[White "Niknaddaf,A"]
[Black "Guliev,L"]
[Result "0-1"]
[WhiteElo "2278"]
[BlackElo "2386"]

1.e4 c5 2.Nf3 d6 3.Bb5+ Bd7 4.Bxd7+ Qxd7 5.O-O Nc6 6.c3 Nf6 7.Re1 e6 8.d4 cxd4
9.cxd4 d5 10.e5 Ne4 11.Nbd2 Nxd2 12.Bxd2 Be7 13.Bg5 O-O 14.a3 Rac8 15.Qd2 b6
16.Qf4 Bxg5 17.Nxg5 h6 18.Nh3 Ne7 19.Qg4 Rc4 20.b3 Rc3 21.Nf4 Rfc8 22.Nh5 Ng6
23.f4 Rxb3 24.Ng3 Kh7 25.f5 exf5 26.Nxf5 Rc2 27.Rac1 Ra2 28.Ra1 Rc2 29.Rac1 Qc8
30.Rxc2 Qxc2 31.h4 Rb2 32.Rf1 Rb1 33.h5 Rxf1+ 34.Kxf1 Qc1+ 35.Ke2 Nf4+ 36.Kf2 Ne6
37.Nd6 Qd2+ 38.Kg3 Nxd4 39.Nxf7 Ne2+ 40.Kh3 Qe3+ 41.g3 Ng1+ 42.Kh4 Nf3+ 43.Kh3 Ng1+
44.Kh4 Qe4 45.Qxe4+ dxe4 46.e6 Kg8 47.Nd6 Kf8 48.Nf5 b5 49.Kg4 Ne2 50.Nd6 Nc3
51.Kf4 a5 52.g4 b4 53.axb4 axb4 54.Nc4 Ke7  0-1

[Event "17th Masters"]
[Site "Clichy FRA"]
[Date "2003.03.30"]
[Round "9"]
[White "Georgiev,Kr"]
[Black "Velikov,P"]
[Result "1/2-1/2"]
[WhiteElo "2529"]
[BlackElo "2435"]

1.e4 c5 2.Nf3 d6 3.Bb5+ Bd7 4.Bxd7+ Qxd7 5.O-O Nc6 6.c3 Nf6 7.Re1 e6 8.d4 cxd4
9.cxd4 d5 10.e5 Ne4 11.Nbd2 Nxd2 12.Bxd2 Be7 13.Rc1 O-O 14.Bg5 Rfc8 15.Bxe7 Qxe7  1/2-1/2

[Event "4th Millennium Festival"]
[Site "Virginia Beach USA"]
[Date "2003.03.30"]
[Round "4"]
[White "Negulescu,A"]
[Black "Burden,J"]
[Result "1-0"]
[WhiteElo "2443"]
[BlackElo "2124"]

1.e4 c5 2.Nf3 d6 3.Bb5+ Nd7 4.d4 a6 5.Bxd7+ Bxd7 6.O-O cxd4 7.Qxd4 e5 8.Qd3 Rc8
9.Nc3 h6 10.a4 Nf6 11.Be3 Qa5 12.Nd2 Qb4 13.Rfb1 Be7 14.Ra3 Bc6 15.Rb3  1-0

[Event "Spring Festival IM"]
[Site "Bucharest ROM"]
[Date "2003.03.31"]
[Round "11"]
[White "Berechet,O"]
[Black "Barnaure,V"]
[Result "0-1"]
[WhiteElo "2254"]
[BlackElo "2309"]

1.e4 c5 2.Nf3 d6 3.Bb5+ Nd7 4.Qe2 a6 5.Bd3 g6 6.c3 Bg7 7.Bc2 e5 8.d3 Ngf6
9.Nbd2 Qc7 10.a4 b6 11.h3 Bb7 12.Nf1 O-O 13.Ng3 Bc6 14.Bg5 Rfe8 15.O-O Nf8
16.Bb3 Ne6 17.Qd2 Rad8 18.Bxe6 Rxe6 19.c4 Rb8 20.Rfb1 Nd7 21.Nh2 f6 22.Be3 Ree8
23.Ne2 f5 24.f3 b5 25.axb5 axb5 26.cxb5 Rxb5 27.b4 Reb8 28.Qa2+ Kh8 29.bxc5 Nxc5
30.Rxb5 Bxb5 31.Nc3 Bxd3 32.Nd5 Qb7 33.Qa5 fxe4 34.Bxc5 dxc5 35.fxe4 Bxe4
36.Ne3 Ra8 37.Qxa8+ Qxa8 38.Rxa8+ Bxa8 39.Kf1 Bc6 40.Nf3 Bb5+ 41.Ke1 Bd3
42.Ng4 e4 43.Ng5 Bc3+ 44.Kd1 Bd4 45.Ne6 h5 46.Nxd4 hxg4 47.Ne6 gxh3 48.gxh3 c4
49.Kd2 Kh7  0-1

[Event "Classics GM"]
[Site "Gausdal NOR"]
[Date "2003.04.03"]
[Round "1"]
[White "Sarbok,T"]
[Black "De Firmian,N"]
[Result "1/2-1/2"]
[WhiteElo "2325"]
[BlackElo "2536"]

1.e4 c5 2.Nf3 d6 3.Bb5+ Bd7 4.Bxd7+ Nxd7 5.c4 Ngf6 6.Nc3 a6 7.Qe2 e6 8.O-O Be7
9.Rd1 O-O 10.d4 cxd4 11.Nxd4 Rc8 12.Bd2 Qb6 13.Be1 Rfe8 14.Rac1 Bf8 15.b3 g6
16.Nf3 Ne5 17.Bd2 Nxf3+ 18.Qxf3 Nd7 19.Ne2 Ne5 20.Qg3 Qc6 21.Qe3 h5 22.Bc3  1/2-1/2

[Event "National I"]
[Site "Besancon FRA"]
[Date "2003.04.04"]
[Round "4"]
[White "Jeitz,C"]
[Black "Fontaine,R"]
[Result "0-1"]
[WhiteElo "2071"]
[BlackElo "2527"]

1.e4 c5 2.Nf3 d6 3.Bb5+ Bd7 4.Bxd7+ Qxd7 5.c4 Nc6 6.O-O g6 7.d4 cxd4 8.Nxd4 Bg7
9.Be3 Nf6 10.f3 O-O 11.Nc3 a6 12.Qd2 e6 13.Nde2 Qc7 14.Rfd1 Rad8 15.Rac1 Qa5
16.b3 Rfe8 17.Nf4 b5 18.cxb5 axb5 19.Qd3 g5 20.Nfe2 b4 21.Qb5 bxc3 22.Qxc6 g4
23.Nxc3 Qh5 24.Qb5 d5 25.Qe2 dxe4 26.fxe4 Qe5 27.Rxd8 Rxd8 28.Rd1 Rxd1+ 29.Nxd1 Nxe4
30.Qxg4 Nc3 31.Bf2 Nxa2 32.h3 h5 33.Qf3 Nb4 34.Ne3 Nd3 35.Nc4 Qa1+ 36.Kh2 Nxf2
37.Qxf2 Bd4 38.Qg3+ Kh8 39.Qd3 Qg1+ 40.Kg3 Qf2+ 41.Kh2 Qg1+ 42.Kg3 Qe1+ 43.Kf4 Qh4+
44.g4 e5+ 45.Ke4 hxg4 46.Nxe5 gxh3+ 47.Kd5 Bxe5 48.Kxe5 h2 49.Qc3 h1=Q 50.Kd6+ Kh7  0-1

[Event "National I"]
[Site "Besancon FRA"]
[Date "2003.04.06"]
[Round "6"]
[White "Glek,I"]
[Black "Sermier,G"]
[Result "1-0"]
[WhiteElo "2551"]
[BlackElo "2373"]

1.e4 c5 2.Nf3 d6 3.Bb5+ Nd7 4.d4 Nf6 5.Nc3 cxd4 6.Qxd4 e5 7.Qd3 h6 8.Be3 a6
9.Bc4 Be7 10.a4 Qc7 11.O-O Nc5 12.Bxc5 Qxc5 13.Nd5 Nxd5 14.Qxd5 Qxd5 15.Bxd5 Rb8
16.Rfd1 O-O 17.c4 Bd8 18.a5 b6 19.b4 bxa5 20.bxa5 Bg4 21.Rd3 Bxa5 22.h3 Bxf3
23.Rxa5 Bh5 24.Rxa6 Rfd8 25.Ra7 Kf8 26.Bxf7 Rb1+ 27.Kh2 Be2 28.Rd2  1-0

[Event "FSIMA April"]
[Site "Budapest HUN"]
[Date "2003.04.06"]
[Round "2"]
[White "Howell,D"]
[Black "Gara,T"]
[Result "1-0"]
[WhiteElo "2251"]
[BlackElo "2298"]

1.e4 c5 2.Nf3 d6 3.Bb5+ Nd7 4.d4 cxd4 5.Qxd4 a6 6.Bxd7+ Bxd7 7.Nc3 Bg4 8.Qd3 g6
9.Nd5 Bg7 10.Be3 Rc8 11.Bb6 Qd7 12.Bd4 e5 13.Bc3 Qb5 14.Qxb5+ axb5 15.O-O-O Ne7
16.Bb4 Rc6 17.Nc3 Rc4 18.Bxd6 b4 19.Nb5 Rxe4 20.Bc5 Bh6+ 21.Kb1 Kf8 22.Rd8+ Kg7
23.Rxh8 Kxh8 24.Bxe7 Kg7 25.Nd6  1-0

[Event "Asian Teams"]
[Site "Jodhpur IND"]
[Date "2003.04.08"]
[Round "2"]
[White "To Quoc Khanh"]
[Black "Bakre,T"]
[Result "0-1"]
[WhiteElo "2299"]
[BlackElo "2471"]

1.e4 c5 2.Nf3 d6 3.Bb5+ Bd7 4.Bxd7+ Qxd7 5.O-O Nc6 6.c3 Nf6 7.Re1 e6 8.d4 cxd4
9.cxd4 d5 10.e5 Ne4 11.Nbd2 Nxd2 12.Bxd2 Be7 13.Bg5 O-O 14.Rc1 Rfc8 15.Bxe7 Nxe7
16.Re3 Rxc1 17.Qxc1 Rc8 18.Rc3 Rxc3 19.Qxc3 Qa4 20.h3 Nc6 21.a3 h6 22.g4 Qd1+
23.Kg2 Qe2 24.Kg3 a5 25.Qb3 Qa6 26.Qc3 Qb5 27.Ne1 Qf1 28.Nf3 Qd1 29.b4 axb4
30.axb4 Qb1 31.Kf4 Qxb4 32.Qa1 Qc4 33.g5 hxg5+ 34.Kxg5 Qe2 35.Kg4 Qxf2 36.h4 Qe2
37.Kf4 g6 38.Kg3 Qe3 39.Kg4 Kg7 40.Qd1 Ne7 41.h5 Qe4+ 42.Kh3 Qf5+ 43.Kg2 Qxh5
44.Kf2 Nf5 45.Qg1 Qh6 46.Qg4 b5 47.Ke1  0-1

[Event "IV IM"]
[Site "Monaco MNC"]
[Date "2003.04.08"]
[Round "2"]
[White "Geenen,M"]
[Black "Basso,F"]
[Result "1-0"]
[WhiteElo "2345"]
[BlackElo "2217"]

1.e4 c5 2.Nf3 d6 3.Bb5+ Nd7 4.d4 Nf6 5.Nc3 cxd4 6.Qxd4 e5 7.Qd3 h6 8.Nd2 Be7
9.Nc4 O-O 10.Bxd7 Qxd7 11.a4 Rd8 12.Ne3 Bf8 13.O-O Qc6 14.b3 Be6 15.Ncd5 Bxd5
16.exd5 Qd7 17.f4 e4 18.Qe2 g6 19.Bb2 Bg7 20.f5 Qe7 21.Rf2 g5 22.h4 Re8 23.Re1 Kh7
24.hxg5 hxg5 25.g4 Rh8 26.Qd2 Kg8 27.Ree2 Rh4 28.Rh2 Rxh2 29.Rxh2 Nd7 30.Bxg7 Kxg7
31.f6+ Qxf6 32.Nf5+ Kf8 33.Rh6 e3 34.Qh2 Qa1+ 35.Kg2 Nf6  1-0

[Event "Classics GM"]
[Site "Gausdal NOR"]
[Date "2003.04.10"]
[Round "10"]
[White "Westerinen,H"]
[Black "De Firmian,N"]
[Result "1/2-1/2"]
[WhiteElo "2360"]
[BlackElo "2536"]

1.e4 c5 2.Nf3 d6 3.Bb5+ Bd7 4.Bxd7+ Nxd7 5.c4 Ngf6 6.Nc3 g6 7.O-O Bg7 8.d3 O-O
9.h3 a6 10.Be3 Rc8 11.Qe2 Qc7 12.Rac1 e6  1/2-1/2

[Event "Classics GM"]
[Site "Gausdal NOR"]
[Date "2003.04.10"]
[Round "10"]
[White "Daly,C"]
[Black "Lie,K"]
[Result "0-1"]
[WhiteElo "2353"]
[BlackElo "2430"]

1.e4 c5 2.Nf3 d6 3.Bb5+ Nd7 4.d4 Nf6 5.Nc3 a6 6.Bxd7+ Nxd7 7.O-O e6 8.Bg5 Qc7
9.Re1 cxd4 10.Nxd4 Ne5 11.f4 Nc6 12.Nd5 Qb8 13.Nb6 Qa7 14.Nxa8 Nxd4 15.Kh1 Nc6
16.Nc7+ Kd7 17.Nd5 exd5 18.exd5 Nd4 19.Qd3 Kc7 20.c3 Nf5 21.b4 Bd7 22.Re2 f6
23.g4 Ne7 24.f5 fxg5 25.c4 Kd8 26.Rf1 Nxd5 27.cxd5 Bb5 28.Qc3 Bxe2 29.Rc1 Qb8
30.f6 Rg8 31.f7 Rh8 32.Qe3 Bb5 33.Qb6+ Kd7 34.Qe3 Be7 35.Qe6+ Kd8 36.Qe3 Rf8
37.Qb6+ Kd7 38.Qf2 Bf6 39.Qf5+ Kd8 40.Qe6 Bd7 41.Qe3 Rxf7  0-1

[Event "Asian Teams"]
[Site "Jodhpur IND"]
[Date "2003.04.10"]
[Round "4"]
[White "To Quoc Khanh"]
[Black "Xu Jun"]
[Result "1-0"]
[WhiteElo "2299"]
[BlackElo "2628"]

1.e4 c5 2.Nf3 d6 3.Bb5+ Nd7 4.c4 Nf6 5.Nc3 g6 6.O-O Bg7 7.d3 O-O 8.h3 Nb6
9.Be3 a6 10.Ba4 Nxa4 11.Qxa4 Bd7 12.Qb3 Bc6 13.Rfe1 b5 14.cxb5 axb5 15.e5 Nd7
16.exd6 exd6 17.Bg5 Nf6 18.Nxb5 Qd7 19.a4  1-0

[Event "IM"]
[Site "Deizisau GER"]
[Date "2003.04.12"]
[Round "1"]
[White "Drabke,L"]
[Black "Bindrich,F"]
[Result "1/2-1/2"]
[WhiteElo "2441"]
[BlackElo "2284"]

1.e4 c5 2.Nf3 d6 3.Bb5+ Bd7 4.Bxd7+ Nxd7 5.O-O Ngf6 6.Qe2 e6 7.d3 Qc7 8.Ng5 h6
9.Nh3 d5 10.c4 dxc4 11.dxc4 Ne5 12.Bf4 g5 13.Bg3 g4 14.Nf4 Bd6 15.Nc3 a6
16.Nd3  1/2-1/2

[Event "Seniorsko"]
[Site "Nisa YUG"]
[Date "2003.04.12"]
[Round "4"]
[White "Perunovic,Mio"]
[Black "Tosic,M"]
[Result "1/2-1/2"]
[WhiteElo "2402"]
[BlackElo "2461"]

1.e4 c5 2.Nf3 d6 3.Bb5+ Nd7 4.d4 cxd4 5.Qxd4 e6 6.O-O a6 7.Bxd7+ Bxd7 8.Nc3 Bc6
9.Re1 Ne7 10.Bg5 f6 11.Be3 e5 12.Qd2 d5 13.exd5 Nxd5 14.Ne4 Nb4 15.Bd4 Be7
16.c3 Bxe4 17.Rxe4 Nc6 18.Be3 f5 19.Rc4 Qxd2 20.Bxd2 Kf7 21.Rxc6 bxc6 22.Nxe5+ Kf6
23.Nxc6 Bc5 24.Na5 Rhd8 25.Nb3 Bb6 26.c4 Rac8 27.Rc1 f4 28.Kf1 Kf5 29.Ke2 Re8+
30.Kf1 Red8  1/2-1/2